000 00575nam a22002177a 4500
001 00028563
005 20260313113347.0
008 260313b ag ||||| |||| 00| 0 spa d
020 _a9507311491
040 _aAR-CcCEOS
_bspa
_cAR-CcCEOS
041 _aspa
080 _a850-3
090 _bTAM
100 1 _aTamaro, Susanna,
_d1957-
_9891
245 _aPara una voz sola /
_cSusanna Tamaro
250 _a1ยช ed.
264 _aBarcelona :
_bSeix Barral,
_cc1992.
300 _a187 p. ;
_c24x15 cm.
655 0 _aliteratura italiana
_vnovela
_9892
942 _2udc
_cBK
_n0
999 _c28593
_d28593